| 000 | 00868nam a2200313 a 4500 | ||
|---|---|---|---|
| 001 | 36140 | ||
| 003 | AR-BaAGN | ||
| 005 | 20231206120424.0 | ||
| 007 | ta | ||
| 008 | 220625s1990 ag |||||r|||| ||||||spa d | ||
| 020 | _a950-581-794-0 | ||
| 040 |
_dAR-BaAGN _aAR-BaAGN _bspa _eaacr |
||
| 100 | 1 |
_aGalasso, Norberto, _d1936- _94964 |
|
| 245 | 1 | 0 |
_aDe Perón a Menem : _bel peronismo en la encrucijada |
| 250 | _a1ª ed. | ||
| 260 |
_aBuenos Aires : _bPensamiento Nacional, _c1990. |
||
| 300 | _a158 páginas | ||
| 336 |
_2rdacontent _btxt |
||
| 337 |
_2rdamedia _bn |
||
| 338 |
_2rdacarrier _bnc |
||
| 600 | 1 | 4 |
_aMenem, Carlos Saúl, _d1930-2021 _95676 |
| 600 | 1 | 4 |
_aPerón, Juan Domingo, _d1895-1974 _94501 |
| 650 | 4 |
_aPERONISMO _92600 |
|
| 650 | 4 |
_aPOLÍTICA _92164 |
|
| 651 | 4 |
_aArgentina _93645 |
|
| 942 |
_cLIBRO _n0 |
||
| 999 |
_c36140 _d36140 |
||